[Event "FIDE Womens GP Lausanne 2020"]
[Site "Lausanne"]
[Date "2020.03.12"]
[Round "10.5"]
[White "Stefanova, Antoaneta"]
[Black "Muzychuk, Mariya"]
[Result "1-0"]
[WhiteElo "2469"]
[BlackElo "2552"]
[Annotator "TA"]
[PlyCount "125"]
[EventDate "2020.03.02"]
[EventType "tourn"]
[EventCountry "SUI"]
[SourceTitle "playchess.com"]
[Source "ChessBase"]
[SourceQuality "1"]

{[%evp 17,125,11,18,18,30,45,43,16,47,20,18,18,18,19,38,0,32,32,32,32,32,32,32,32,34,34,47,34,35,34,53,30,34,24,24,17,51,49,50,50,52,54,150,85,142,113,216,202,307,297,379,379,379,379,379,379,371,371,371,371,329,314,821,799,1016,1057,1730,704,1744,1614,1029,735,725,725,937,904,844,826,5297,5297,5262,5290,5290,5262,4727,4131,29961,29952,29966,29967,29971,29972,29970,29972,29970,29971,29979,29980,29981,29980,29980,29980,29987,29982,29982,29983,29983,29984,29984,29985]} 1. d4 d5 2. c4 c6 3. Nf3 Nf6 4. e3 a6 5. Nc3 b5 6. b3 Bg4 7. Be2 e6 8. O-O Nbd7 9. Bb2 Bd6 10. h3 {D15: Slav Defence: 4 Nc3 a6 and gambit lines after 4 Nc3 dxc4.} Bxf3 11. Bxf3 O-O {[#]} 12. g3 $146 {White is slightly better.} ({Predecessor:} 12. Re1 Rb8 13. Rb1 Re8 14. e4 dxe4 15. Nxe4 Nxe4 16. Bxe4 bxc4 17. Bxc6 cxb3 18. axb3 {1-0 (32) Andreikin,D (2689)-Istratescu,A (2633) Plovdiv 2012}) 12... Rc8 13. Qd3 (13. c5 $5 {[%cal Rc5d6]} Be7 14. Ne2 $14) 13... Re8 14. Bg2 Bb8 15. Rfd1 Qe7 16. a4 {[%cal Ra4b5]} bxc4 17. bxc4 Nb6 18. Ba3 Qd8 19. c5 Nc4 20. e4 Nxa3 21. Rxa3 e5 22. exd5 cxd5 23. dxe5 Bxe5 24. Nxd5 {Threatens to win with c6.} Rxc5 25. Nb4 Qxd3 26. Nxd3 Rc3 27. Rxc3 Bxc3 28. Rc1 Bd4 29. a5 h6 {White leaves nothing to chance now.} ({Better is} 29... g6 $14) 30. Kf1 (30. Rc4 $142 $1 {[%cal Rc4d4]} Rd8 31. Nb4) 30... Re6 (30... g5 $142) 31. Bb7 Nd7 {[#]} (31... Re7 $16 {was called for.}) 32. Rc8+ $1 $18 Kh7 {[#]} (32... Nf8 $142 33. Nb4 Rf6) 33. Rd8 $1 {[%cal Rd8d7]} Nc5 34. Bc8 (34. Rxd4 Nxb7 35. Rd7 Nxa5 $11) 34... Bf6 35. Rd5 ({Weaker is} 35. Nxc5 Bxd8 36. Bxe6 (36. Nxe6 fxe6 37. Bxe6 Bxa5 $14) 36... fxe6 $14) 35... Nxd3 36. Bxe6 {[%mdl 4096] Endgame Bf5+ is the strong threat. KRB-KBN} ({Stronger than} 36. Rxd3 Re5 $11) 36... Nb4 37. Bf5+ g6 38. Rd6 Be5 39. Rb6 Nd5 $2 {[#]} (39... gxf5 40. Rxb4 Bc3) 40. Bxg6+ $1 {[%mdl 512]} fxg6 41. Rxa6 Kg7 42. Rc6 (42. Re6 $142 Bb8 43. Re8) 42... Kf7 43. a6 Bb8 44. Rc8 Ba7 45. Ra8 Bd4 46. Rb8 Ke6 47. Rb7 Nb6 48. a7 Na8 49. Rb8 Bxa7 50. Rxa8 {KR-KB} Bd4 51. Ra6+ Kf5 52. Kg2 {White mates.} h5 53. f4 h4 54. g4+ Kxf4 55. Rxg6 Bc3 56. Rh6 Be1 57. Rh5 Ke4 58. Kf1 Bg3 59. Ke2 Kf4 60. Rb5 Ke4 61. g5 Be5 62. g6 Bc3 63. Rb7 {Accuracy: White = 80%, Black = 53%.} 1-0

[Event "FIDE Womens GP Lausanne 2020"]
[Site "Lausanne"]
[Date "2020.03.12"]
[Round "10.6"]
[White "Harika, Dronavalli"]
[Black "Muzychuk, Anna"]
[Result "1/2-1/2"]
[WhiteElo "2518"]
[BlackElo "2539"]
[Annotator "TA"]
[PlyCount "61"]
[EventDate "2020.03.02"]
[EventType "tourn"]
[EventCountry "SUI"]
[SourceTitle "playchess.com"]
[Source "ChessBase"]
[SourceQuality "1"]

{[%evp 13,61,7,14,5,21,14,44,4,8,8,6,0,9,-10,-4,-12,0,-9,0,-4,0,-14,0,0,0,0,0,0,0,0,9,6,5,7,8,0,3,3,3,3,3,3,3,3,3,2,2,0,0,0]} 1. d4 d5 2. c4 c6 3. Nf3 Nf6 4. Nc3 e6 5. Bg5 h6 6. Bxf6 Qxf6 7. e3 g6 8. Be2 {D43: Semi-Slav: 5 Bg5 h6.} Bg7 9. O-O O-O 10. cxd5 {White is slightly better. 10.Ne5 is the modern continuation.} exd5 {The position is equal.} 11. b4 a6 12. a4 Be6 {[#]} 13. Rc1 $146 ({Predecessor:} 13. b5 a5 14. Rc1 Nd7 15. Qb3 Rfc8 16. Rfd1 Qe7 17. Qb1 Qa3 18. Rd2 Rab8 19. h3 {½-½ (39) Peek,M (2319)-Vishnu,P (2522) Douglas 2016}) 13... Nd7 14. b5 axb5 15. axb5 Rfc8 16. bxc6 bxc6 17. Ne1 c5 18. dxc5 Rxc5 19. Nb5 Rxc1 20. Qxc1 Ra1 21. Qc8+ Kh7 {aiming for ...Qb2.} 22. Nd4 Qe7 23. Nxe6 Qxe6 24. Nf3 Ne5 $132 {[%mdl 2048] Black is not keeping still} 25. Qxe6 Nxf3+ 26. Bxf3 fxe6 27. Rxa1 Bxa1 $11 {KB-KB} 28. Bg4 e5 29. Be6 d4 30. exd4 Bxd4 31. Kf1 {An uneventful encounter. Accuracy: White = 95%, Black = 100%.} 1/2-1/2

[Event "FIDE Womens GP Lausanne 2020"]
[Site "Lausanne"]
[Date "2020.03.13"]
[Round "11.1"]
[White "Muzychuk, Anna"]
[Black "Kashlinskaya, Alina"]
[Result "1/2-1/2"]
[WhiteElo "2539"]
[BlackElo "2484"]
[Annotator "TA"]
[PlyCount "66"]
[EventDate "2020.03.02"]
[EventType "tourn"]
[EventCountry "SUI"]
[SourceTitle "playchess.com"]
[Source "ChessBase"]
[SourceQuality "1"]

{[%evp 11,66,0,8,0,0,0,9,5,4,5,12,17,11,15,16,14,29,34,33,10,31,21,21,12,13,-14,-14,-14,-14,-15,-12,-25,-14,-18,-16,-14,-16,-16,-17,-17,-16,-16,-16,-22,-17,-22,-14,-25,-14,-18,-4,-4,-4,-4,0,0,0]} 1. e4 e5 2. Nf3 Nf6 3. d4 Nxe4 4. Bd3 d5 5. dxe5 Be7 6. O-O Nc5 7. Be2 {C43: Petroff Defence: 3 d4.} O-O 8. Be3 c6 9. c4 dxc4 10. Bxc5 Qxd1 11. Rxd1 Bxc5 12. Bxc4 Bg4 13. Nc3 {[#]} b5 $146 ({Predecessor:} 13... Be7 14. Ne4 b5 15. Bb3 a5 16. a4 Ra7 17. h3 Bxf3 18. gxf3 g6 19. axb5 cxb5 {½-½ (45) Yu,Y (2705)-Wang,H (2710) Shenzhen 2014}) 14. Bb3 Na6 15. Ne4 Be7 16. Rac1 c5 17. Bd5 Rab8 18. h3 Bxf3 19. gxf3 Rfd8 20. a3 Nc7 21. Bc6 c4 22. Rxd8+ Rxd8 23. a4 a6 24. axb5 axb5 25. Ra1 Ne6 26. Bxb5 Nd4 $1 {[%csl LRb5,LRf3][%mdl 64] [#] Double Attack} 27. Bxc4 {Black must now prevent Kg2.} Nxf3+ {[%mdl 64] Double Attack} 28. Kg2 Nxe5 29. b3 Nxc4 30. bxc4 {The position is equal.} Rd4 31. Ra8+ Bf8 32. Ng5 Rxc4 33. Nxh7 $1 Kxh7 {Accuracy: White = 95%, Black = 100%.} 1/2-1/2

[Event "FIDE Womens GP Lausanne 2020"]
[Site "Lausanne"]
[Date "2020.03.13"]
[Round "11.2"]
[White "Muzychuk, Mariya"]
[Black "Harika, Dronavalli"]
[Result "1/2-1/2"]
[WhiteElo "2552"]
[BlackElo "2518"]
[Annotator "TA"]
[PlyCount "51"]
[EventDate "2020.03.02"]
[EventType "tourn"]
[EventCountry "SUI"]
[SourceTitle "playchess.com"]
[Source "ChessBase"]
[SourceQuality "1"]

{[%evp 9,51,27,29,24,23,13,16,0,0,0,0,0,0,0,0,0,0,0,0,0,0,0,0,0,0,0,0,0,0,0,0,0,0,0,0,0,0,0,0,0,0,0,0,0]} 1. e4 c5 2. Nf3 d6 3. Bb5+ Nd7 4. O-O a6 5. Bd3 Ngf6 6. c3 {B51: Sicilian: Moscow Variation (3 Bb5+) without 3...Bd7.} b5 7. a4 Bb7 {The position is equal.} 8. axb5 axb5 9. Rxa8 Qxa8 10. Bxb5 Bxe4 11. d4 Bxb1 12. dxc5 {And now c6 would win.} Be4 ({Of course not} 12... dxc5 13. Bg5 $16) 13. Re1 $1 e6 14. Rxe4 {[%mdl 64] Remove Defender} Nxe4 ({Much less strong is} 14... Qxe4 15. c6 $17) 15. c6 Nb6 {Strongly threatening ...Be7.} 16. Qd4 $1 {[%cal Rd4b6]} Qa5 17. c4 {[#]} Qa1 $1 18. c7+ Ke7 {[#]} 19. Qd1 $146 ({Predecessor:} 19. Qe3 g6 20. g4 Bg7 21. Kg2 Nc5 22. b4 Ncd7 23. Bd2 Rc8 24. Bxd7 Nxd7 25. c5 dxc5 {0-1 (25) McShane,L (2667)-Svidler,P (2736) Germany 2018}) 19... Qa7 {[#]} 20. c8=N+ $1 {[%mdl 512]} Nxc8 21. Nd4 $1 {[%cal Rd4c6]} Qc7 {White must now prevent ...Na7.} 22. Nc6+ Ke8 23. Nb4+ Ke7 {...f5 is the strong threat.} 24. Nc6+ Ke8 {aiming for ...Nb6.} 25. Nb4+ Ke7 {Threatens to win with ...f5.} 26. Nc6+ {A rather calm draw.} 1/2-1/2

[Event "FIDE Womens GP Lausanne 2020"]
[Site "Lausanne"]
[Date "2020.03.13"]
[Round "11.3"]
[White "Cramling, Pia"]
[Black "Stefanova, Antoaneta"]
[Result "1/2-1/2"]
[WhiteElo "2470"]
[BlackElo "2469"]
[Annotator "TA"]
[PlyCount "62"]
[EventDate "2020.03.02"]
[EventType "tourn"]
[EventCountry "SUI"]
[SourceTitle "playchess.com"]
[Source "ChessBase"]
[SourceQuality "1"]

{[%evp 9,62,19,68,45,83,40,56,52,47,68,79,49,90,61,54,68,63,62,91,80,126,127,185,156,164,135,158,139,139,97,95,91,94,66,31,27,99,35,50,17,12,25,27,12,37,40,38,32,34,29,34,0,8,4,12]} 1. Nf3 g6 2. e4 Bg7 3. d4 d6 4. Nc3 a6 5. Bd3 b5 6. O-O {B06: Modern Defence.} Nd7 7. a4 b4 $1 {[%cal Rb4c3]} 8. Nd5 {White is slightly better.} a5 {[#]} 9. c3 $146 ({Predecessor:} 9. Re1 Bb7 10. c3 e6 11. Ne3 Ngf6 12. cxb4 axb4 13. e5 Bxf3 14. Qxf3 dxe5 15. Nc2 {1-0 (46) Iskandarov,M (2405)-Sanal,V (2522) Khanty-Mansiysk 2015}) 9... bxc3 10. bxc3 e6 11. Ne3 (11. Bg5 {looks sharper.} Ndf6 12. Ne3 Ne7 13. Nd2 O-O 14. f4) 11... Ne7 12. Rb1 O-O 13. Ba3 h6 14. Re1 e5 15. Bb5 f6 (15... exd4 $16 16. cxd4 Nb6) 16. h3 Kh7 17. Rb2 Ba6 18. Nc4 Nc8 19. Qd3 Bxb5 20. axb5 Ncb6 21. Nfd2 exd4 22. cxd4 Re8 {[#]} (22... f5 $11 {remains equal.}) 23. Ne3 (23. Nxb6 $1 $16 Nxb6 24. Rc1) 23... d5 $1 $14 24. Rd1 dxe4 25. Nxe4 f5 26. Nc3 Nf6 27. Rc2 f4 28. Nc4 Nxc4 29. Qxc4 f3 30. d5 {[%cal Bd4d5,Bd5d6][%mdl 32]} fxg2 31. d6 Qd7 {Black escapes into a draw. Accuracy: White = 57%, Black = 74%.} 1/2-1/2

[Event "FIDE Womens GP Lausanne 2020"]
[Site "Lausanne"]
[Date "2020.03.13"]
[Round "11.4"]
[White "Sebag, Marie"]
[Black "Abdumalik, Zhansaya"]
[Result "1/2-1/2"]
[WhiteElo "2443"]
[BlackElo "2471"]
[Annotator "TA"]
[PlyCount "36"]
[EventDate "2020.03.02"]
[EventType "tourn"]
[EventCountry "SUI"]
[SourceTitle "playchess.com"]
[Source "ChessBase"]
[SourceQuality "1"]

{[%evp 16,36,6,1,15,12,12,10,11,15,23,19,16,16,29,0,20,0,25,0,25,0,31]} 1. e4 e5 2. Nf3 Nc6 3. Bb5 a6 4. Ba4 Nf6 5. O-O Be7 6. d3 b5 7. Bb3 d6 8. a3 $1 {[%mdl 4] is more profitable than 8.a4 at the moment. Played by Alireza Firouzja in February 2020.} O-O 9. Nc3 Na5 {C77: Ruy Lopez: 3...a6 4 Ba4 Nf6, unusual lines.} 10. Ba2 Be6 11. b4 Bxa2 12. Rxa2 Nc6 13. Bg5 Ng4 14. Bd2 Nf6 {[#]} 15. Bg5 $146 ({Predecessor:} 15. Re1 Qd7 16. Nd5 Nxd5 17. exd5 Na7 18. a4 c6 19. axb5 axb5 20. Qa1 cxd5 21. Be3 d4 22. Nxd4 exd4 23. Bxd4 Bf6 24. Bxf6 gxf6 25. h3 {½-½ (44) Firouzja,A (2726)-Ragger,M (2670) Prague 2020}) 15... Ng4 16. Bd2 Nf6 17. Bg5 Nd7 (17... Ng4 $5 {[%cal Re7g5]} 18. Bxe7 Nxe7 $14) 18. Bd2 Nf6 {Not much happened in this game. Accuracy: White = 87%, Black = 91%.} 1/2-1/2

[Event "FIDE Womens GP Lausanne 2020"]
[Site "Lausanne"]
[Date "2020.03.13"]
[Round "11.5"]
[White "Ju, Wenjun"]
[Black "Kosteniuk, Alexandra"]
[Result "1/2-1/2"]
[WhiteElo "2583"]
[BlackElo "2504"]
[Annotator "TA"]
[PlyCount "61"]
[EventDate "2020.03.02"]
[EventType "tourn"]
[EventCountry "SUI"]
[SourceTitle "playchess.com"]
[Source "ChessBase"]
[SourceQuality "1"]

{[%evp 23,61,25,17,7,0,0,0,0,43,0,35,27,36,14,36,0,0,-56,-66,-61,0,0,0,0,0,-9,0,0,3,7,0,0,0,0,0,0,0,0,0,0]} 1. d4 Nf6 2. c4 e6 3. g3 c5 4. Nf3 cxd4 5. Nxd4 d5 6. Bg2 e5 7. Nf3 d4 8. O-O Nc6 9. e3 Be7 10. exd4 exd4 11. Bf4 O-O 12. Ne5 Qb6 13. Qb3 {E01: Catalan: Early deviations.} Na5 14. Qxb6 axb6 15. Nd2 {[#]} Be6 $146 ({Predecessor:} 15... Nh5 16. Rfe1 Nxf4 17. gxf4 Bb4 18. Rad1 Be6 19. a3 Bxd2 20. Rxd2 Rad8 21. b4 Nxc4 22. Nxc4 Bxc4 23. Bxb7 {½-½ (44) Bosiocic,M (2598)-Navara,D (2703) Budva 2019}) 16. a3 {aiming for b4.} Rac8 17. b4 Nc6 $1 18. Rfe1 Rfd8 19. Bf3 Nd7 20. h4 (20. Nxd7 $11 Rxd7 21. Bd5) 20... Ndxe5 $15 21. Bxe5 Nxe5 (21... Rd7 $15) 22. Rxe5 $11 {The position is equal.} Bf6 23. Rb5 $1 d3 24. Rd1 Bd4 25. Bxb7 Bxc4 26. Nxc4 Rxc4 27. Rd5 Rxd5 28. Bxd5 Rc3 29. Be4 Rxa3 30. Rxd3 Rxd3 31. Bxd3 {Accuracy: White = 72%, Black = 81%.} 1/2-1/2

[Event "FIDE Womens GP Lausanne 2020"]
[Site "Lausanne"]
[Date "2020.03.13"]
[Round "11.6"]
[White "Dzagnidze, Nana"]
[Black "Goryachkina, Aleksandra"]
[Result "1/2-1/2"]
[WhiteElo "2515"]
[BlackElo "2579"]
[Annotator "TA"]
[PlyCount "47"]
[EventDate "2020.03.02"]
[EventType "tourn"]
[EventCountry "SUI"]
[SourceTitle "playchess.com"]
[Source "ChessBase"]
[SourceQuality "1"]

{[%evp 21,47,0,0,0,0,0,0,0,0,0,0,0,0,0,0,0,0,0,0,0,4,0,0,0,6,0,0,0]} 1. d4 d5 2. c4 c6 3. Nf3 Nf6 4. cxd5 cxd5 5. Nc3 Nc6 6. Bf4 Bf5 7. e3 e6 8. Bd3 Bxd3 9. Qxd3 Bd6 10. Bxd6 Qxd6 11. O-O O-O {The position is equal.} 12. Qe2 {D14: Slav Defence: Exchange variation with ...Bf5.} Rfc8 13. Rac1 Nd7 14. Ne1 Nb4 15. Nd3 Nxd3 16. Qxd3 a6 17. Rc2 Rc6 18. Rfc1 Rac8 19. Ne2 Qb4 {[#] Strongly threatening ...Rxc2.} 20. Kf1 Qd6 21. Kg1 Qb4 {White must now prevent ...Rxc2.} 22. Kf1 Qd6 23. Kg1 Qb4 {[#] Hoping for ...Rxc2.} 24. Kf1 {Not much happened in this game. Accuracy: White = 100%, Black = 100%.} 1/2-1/2